000 012040000a22002290004500
082 0 4 _aG 234.1612 J55i
100 1 _aJeremias, Joachim
245 1 0 _aInfant baptism in the first four centuries / Joachim Jeremias ; Translated by David Cairns
260 _aLondon : SCM Press
300 _a112 páginas
440 0 _aThe Library of History and Doctrine / Edited by S. L. Greenslade, Henry Chadwick, Owen Chadwick, G. W. H. Lampe, John T. McNeill, Stephen Neill, E. Gordon Rupp, T. F. Torrance
500 _aTítulo original en alemán: Die Kindertaufe in den ersten vier Jahrhunderten \ Incluye índices (p. 105-112)
501 _aPasta dura
504 _aIncluye bibliografía (p. 101-104)
505 0 0 _aEl bautismo de los hijos de padres que se unieron a la iglesia en el período más antiguo - El bautismo de los niños nacidos de padres cristianos en el período más antiguo - El desarrollo hasta finales del siglo III - La crisis y la forma en que fue superada
650 1 4 _aBautismo de Infantes - Teología \ Historia - Época antigua
001 20073
942 _cBK
999 _c46427
_d46427
336 _atexto
_btxt
_2rdacontent
337 _2rdamedia
_asin mediación
_bn
338 _2rdacarrier
_avolumen
_bnc